000 00251nam a22001097a 4500
008 160503b xxu||||| |||| 00| 0 eng d
020 _a0070172``307
041 _aeng
080 _a61
245 _aAtlas of Histology:
_cEverett E.Dodd;
942 _2udc
_cBK
999 _c1730
_d1730